"TAXMANN'S DIRECT TAXES LAW AND PRACTICE,1995-96: COVERING INCOME TAX,WEALTH TAX AND GIFT TAX" (Record no. 477688)

MARC details
000 -LEADER
fixed length control field 00932nam a2200229Ia 4500
008 - FIXED-LENGTH DATA ELEMENTS--GENERAL INFORMATION
fixed length control field 100315s9999 xx 000 0 und d
020 ## - INTERNATIONAL STANDARD BOOK NUMBER
International Standard Book Number 81-7194-110-9 
082 ## - DEWEY DECIMAL CLASSIFICATION NUMBER
Item number 2953 
Classification number 343.04 
100 ## - MAIN ENTRY--PERSONAL NAME
Personal name "Singhania, Vinod K. "
245 ## - TITLE STATEMENT
Title "TAXMANN'S DIRECT TAXES LAW AND PRACTICE,1995-96: COVERING INCOME TAX,WEALTH TAX AND GIFT TAX"
250 ## - EDITION STATEMENT
Edition statement 15th 
260 ## - PUBLICATION, DISTRIBUTION, ETC. (IMPRINT)
Place of publication, distribution, etc New Delhi 
Name of publisher, distributor, etc Taxmann  
Date of publication, distribution, etc
300 ## - PHYSICAL DESCRIPTION
Extent "XXIV,1138p.  "
365 ## - TRADE PRICE
Price note Rupees 
Unit of pricing
Price amount 225.00 
366 ## - TRADE AVAILABILITY INFORMATION
Publishers' discount category
505 ## - FORMATTED CONTENTS NOTE
Miscellaneous information Tushar Jadhav 
530 ## - ADDITIONAL PHYSICAL FORM AVAILABLE NOTE
Availability source -  
620 ## -
-- "Residential Status & Tax Incidence, Receipt of Income,Income Exempt from Tax, Salaries, Income from house Property, Capital Gains "
630 ## - SUBJECT ADDED ENTRY--UNIFORM TITLE
Uniform title "TAXMANN'S DIRECT TAXES LAW AND PRACTICE,1995-96: COVERING INCOME TAX,WEALTH TAX AND GIFT TAX"
730 ## - ADDED ENTRY--UNIFORM TITLE
Uniform title "TAXMANN'S DIRECT TAXES LAW AND PRACTICE,1995-96: COVERING INCOME TAX,WEALTH TAX AND GIFT TAX"
942 ## - ADDED ENTRY ELEMENTS (KOHA)
Koha item type Book
Holdings
Withdrawn status Lost status Damaged status Not for loan Home library Current library Date acquired Cost, normal purchase price Total Checkouts Full call number Barcode Date last seen Price effective from Koha item type
        Dr. V. N. Bedekar Institute of Management Studies Library Dr. V. N. Bedekar Institute of Management Studies Library 01/21/2006 225.00   343.04 /SIN  2953  VPMBRIMS-2953  03/19/2010 03/19/2010 Book